000 00606nam a2200217Ia 4500
005 20241129111503.0
008 241129s9999||||xx |||||||||||||| ||und||
020 _a978-93-90702-50-3
037 _aTB
040 _aCRL
_beng
_cCRL
041 _aeng
_2eng
084 _aV28243,1y7J40 R2
_qCRL
100 _aJain Amit Rai Au.
_939192
245 0 _aKing of mewar Maharana Pratap
_cJain Amit Rai Au.
260 _aNew Delhi, India
_bKitabwale
_c2022
300 _axiii,137p.
365 _aINR
_b600
650 _a History
942 _cTB
_hV28243,1y7J40 R2
999 _c1230682
_d1230682